Úroveň a vývojové trendy v zahraničnom obchode Slovenska
Salvato in:
| Autore principale: | |
|---|---|
| Natura: | Libro |
| Lingua: | slovacco |
| Pubblicazione: |
Bratislava
Prognostický ústav SAV
2006
|
| Serie: | Pracovné materiály
č. 2 |
| Soggetti: | |
| Tags: |
Nessun Tag, puoi essere il primo ad aggiungerne!!
|
MARC
| LEADER | 00000nam$a2200000$$$4500 | ||
|---|---|---|---|
| 001 | 0055377 | ||
| 005 | 20240503084917.5 | ||
| 022 | |a 0862-9137 | ||
| 041 | 0 | |a slo | |
| 044 | |a SK | ||
| 245 | 1 | 0 | |a Úroveň a vývojové trendy v zahraničnom obchode Slovenska |c Štefan Burda |
| 264 | 1 | |a Bratislava |b Prognostický ústav SAV |c 2006 | |
| 300 | |a 34 s. | ||
| 490 | 1 | |a Pracovné materiály |v č. 2 | |
| 830 | 0 | |a Pracovné materiály |v č. 2 | |
| 610 | 2 | 0 | |a obchod zahraničný |
| 610 | 2 | 0 | |a vývoj |
| 610 | 2 | 0 | |a politika hospodárska |
| 610 | 2 | 0 | |a bilancie |
| 610 | 2 | 0 | |a politika obchodná |
| 610 | 2 | 0 | |a výkonnosť ekonomiky |
| 610 | 2 | 0 | |a vývoz |
| 610 | 2 | 0 | |a analýza komparatívna |
| 610 | 2 | 0 | |a Slovensko |
| 610 | 2 | 0 | |a Európska únia |
| 100 | 1 | |a Burda, Štefan | |